Striekanie ovocných stromov vápnom - ochrana proti jarným mrazom

Bibliographic Details
Main Author: Braun, Dezider (Author)
Format: Article
Language:Slovak

MARC

LEADER 00000nab a2200000uu 4500
001 vtls010912630
003 SK-MaSNL
005 20260303150448.0
008 230222|1940 xo |||||||||||||||||slo|
015 |a SNBRB 
035 |a (urnnbn)urn:nbn:sk:snk:ar-a08781 
035 |a (uuid)de4404d4-a442-4f75-b21c-58903667bfee 
035 |a urn:nbn:sk:snk-ab91k9 
040 |a SNKBUCL  |b slo  |c SNKBUCL  |e AACR2 
041 0 |a slo 
044 |a xo  |c SK 
100 1 |a Braun, Dezider  |4 aut  |9 1169409 
245 1 0 |a Striekanie ovocných stromov vápnom - ochrana proti jarným mrazom  |c Dezider Braun 
773 0 |t Slovenské ovocinárstvo : odborný časopis pre povznesenie ovocinárstva, vinohradníctva a záhradníctva : orgán Slovenskej ovocinárskej spoločnosti a jej odbočiek  |g Č. 383 (1940), s. 49-50 
954 |a odborná, vedecká literatúra pôvodná (slovenská)  |2 lita 
958 |a OND 
958 |a EUIPO 
958 |a article10 
999 |c 2010939  |d 2012869